header

The School Story (Record no. 264747)

MARC details
000 -LEADER
fixed length control field 00236nam a22000977a 4500
020 ## - INTERNATIONAL STANDARD BOOK NUMBER
ISBN 9780689851865
100 ## - MAIN ENTRY--AUTHOR NAME
Personal name Andrew Clements
245 ## - TITLE STATEMENT
Title The School Story
260 ## - PUBLICATION, DISTRIBUTION, ETC. (IMPRINT)
Place of publication New York
Name of publisher Atheneum Books for Young Readers
Year of publication 2001
942 ## - ADDED ENTRY ELEMENTS (KOHA)
Koha item type Long Loan Books
Holdings
Withdrawn status Lost status Collection code Home library Current library Shelving location Date acquired Accession Number Koha item type
    Fiction Rongo University Library Rongo University Library Children's Area 18/02/2025 CL20243783 Long Loan Books

© 2026 Rongo University
Contact us: librarian | system librarian | Rongo university